| 000 | 00512cam a2200181ua 4500 | ||
|---|---|---|---|
| 001 | 3680 | ||
| 008 | 111129n ii |||gr||||Z||||||asm | ||
| 040 | _cMAIN | ||
| 082 | _a398.09145 | ||
| 100 |
_aBaruah, Prahlad Kumar, _eAuthor. |
||
| 245 | 1 | 1 |
_aAsomiya sanskriti udbhav aru kramabikas _cby Prahlad Kumar Baruah |
| 250 | _a1st. | ||
| 260 |
_aNaharkatiya: _bNaharkatiya College, _c2007. |
||
| 300 |
_a72p: _c23cm. |
||
| 653 | _aAssamese culture | ||
| 653 | _aAsomiya sanskriti udbhav aru kramabikas | ||
| 942 | _cBK | ||
| 999 |
_c3509 _d3509 |
||